Statistics for Modern-day countries of the Swedish Empire on a Map

Click here to take the quiz!

General Stats

  • This quiz has been taken 4,861 times
  • The average score is 8 of 8

Answers on the Map

Answers color-coded by a green-red scale on the quiz's map according to % correct below.
 

Answer Stats

Answer% Correct
Estonia
100%
Finland
100%
Germany
100%
Norway
100%
Russia
100%
Sweden
100%
Latvia
99%
Denmark
96%

Score Distribution

Percentile by Number Answered

Percent of People with Each Score

Your Score History

You have not taken this quiz